| Tag |
First Indicator |
Second Indicator |
Subfields |
| LEADER |
00000cam a22000008a 4500 |
| 001 |
in00000077561 |
| 005 |
20151008053759.0 |
| 008 |
810305s1981 caua 00110 eng |
| 010 |
|
|
|a 81002068
|
| 020 |
|
|
|a 0865470391 :
|c $20.00
|
| 020 |
|
|
|a 0865470405 (pbk.) :
|c $10.00
|
| 035 |
|
|
|a (OCoLC)07276394
|
| 035 |
|
|
|9 AAH8610AM
|
| 040 |
|
|
|a DLC
|c DLC
|d TXA
|d UtOrBLW
|
| 049 |
|
|
|a TXAM
|c [1560893]
|
| 050 |
0 |
0 |
|a PS3552.R65
|b L48
|
| 082 |
0 |
|
|a 811/.54
|2 19
|
| 100 |
1 |
|
|a Bronk, William.
|
| 245 |
1 |
0 |
|a Life supports :
|b new and collected poems /
|c by William Bronk ; woodcuts by Eugene G. Canade.
|
| 263 |
|
|
|a 8109
|
| 264 |
|
1 |
|a San Francisco :
|b North Point Press,
|c 1981.
|
| 300 |
|
|
|a 249 pages :
|b illustrations ;
|c 24 cm.
|
| 336 |
|
|
|a text
|b txt
|2 rdacontent
|
| 337 |
|
|
|a unmediated
|b n
|2 rdamedia
|
| 338 |
|
|
|a volume
|b nc
|2 rdacarrier
|
| 500 |
|
|
|a Includes index.
|
| 505 |
0 |
|
|a My father photographed with friends -- Light and dark -- The world, the worldless -- The empty hands -- That tantalus -- To praise the music -- Silence and metaphor -- The meantime -- Finding losses -- The force of desire -- Life supports.
|
| 586 |
|
|
|a National Book Award for Poetry, 1982
|
| 700 |
1 |
|
|a Canade, Eugene G.
|
| 999 |
|
|
|a MARS
|
| 999 |
f |
f |
|s d2e89198-2487-3ea6-a829-01206425554a
|i 5da36b71-13e6-3cff-ad59-200ae78be8e1
|t 0
|
| 952 |
f |
f |
|p ric
|a Texas A&M University
|b Rellis Campus
|c Joint Library Facility
|d Remote Storage
|t 0
|e PS3552.R65 L48
|h Library of Congress classification
|i unmediated -- volume
|m A14806191929
|
| 998 |
f |
f |
|a PS3552.R65 L48
|t 0
|l Remote Storage
|